Statistiques concernant PSG's 10 Top Buteurs

Cliquez ici pour prendre le quiz!

Statistiques générales

  • Ce quiz a été pris 110 fois
  • Le résultat moyen est 5 sur 10

Statistiques - réponses

ButeursRéponse% Correct
156Zlatan Ibrahimovic
91%
183Edison Cavani
90%
109Pauleta
85%
72Rai
55%
57Angel DI Maria
38%
100Dominique Rocheteau
36%
85Safet Susic
35%
98Mustapha Dahleb
28%
71Carlos Bianchi
15%
95Francois M'Pele
10%

Distribution des résultats

Percentile par nombre de réponses

% des personnes avec chaque résultat

Votre développement - résultats

Vous n’avez pas pris ce quiz